Rural welfare services.

Bibliographic Details
Main Author: Landis, Benson Y. (Benson Young), 1897-
Format: Book
Language:English
Published: New York : Columbia Univ. Press, 1949.
Subjects:

MARC

Tag First Indicator Second Indicator Subfields
LEADER 00000cam a2200000 4500
001 in00000055981
005 20151008052338.0
008 751114s1949 nyub b 00000 eng b
010 |a  49009763  
035 |a (OCoLC)01833768 
035 |9 AAH2932AM 
040 |a DLC  |c FBA  |d TXA  |d UtOrBLW 
049 |a TXAM  |c [169978] 
050 0 0 |a HV91  |b .L26 
082 0 |a 360.973 
092 |a 360  |b L257r 
100 1 |a Landis, Benson Y.  |q (Benson Young),  |d 1897- 
245 1 0 |a Rural welfare services. 
264 1 |a New York :  |b Columbia Univ. Press,  |c 1949. 
300 |a viii, 201 pages ;  |c 24 cm. 
336 |a text  |b txt  |2 rdacontent 
337 |a unmediated  |b n  |2 rdamedia 
338 |a volume  |b nc  |2 rdacarrier 
504 |a "Notes" (bibliographical): p. (173)-180. Bibliography: pages [181]-186. 
650 0 |a Social service, Rural  |z United States. 
999 |a MARS 
999 f f |s 197ca013-9183-3739-9a4d-436e6bb7e49f  |i fae85b64-ec17-39a3-a486-fb3ca1b3346b  |t 0 
952 f f |p ric  |a Texas A&M University  |b Rellis Campus  |c Joint Library Facility  |d Remote Storage  |t 0  |e HV91 .L26  |h Library of Congress classification  |i unmediated -- volume  |m A14800808104 
998 f f |a HV91 .L26  |t 0  |l Remote Storage